Dictionary of Technical Terms / (Record no. 9188)
[ view plain ]
| 000 -LEADER | |
|---|---|
| fixed length control field | 00321cam a2200121ua 4500 |
| 082 ## - DEWEY DECIMAL CLASSIFICATION NUMBER | |
| Classification number | 603 |
| Item number | CRI/DI |
| 100 ## - MAIN ENTRY--AUTHOR NAME | |
| Personal name | Crispin, Frederic Swing C.E . |
| 245 ## - TITLE STATEMENT | |
| Title | Dictionary of Technical Terms / |
| 250 ## - EDITION STATEMENT | |
| Edition statement | 10 / |
| 260 ## - PUBLICATION, DISTRIBUTION, ETC. (IMPRINT) | |
| Place of publication | New Delhi : |
| Name of publisher | Oxford & IBH Publishing company , |
| Year of publication | 1964. |
| 300 ## - PHYSICAL DESCRIPTION | |
| Number of Pages | 455 ; . |
| 942 ## - ADDED ENTRY ELEMENTS (KOHA) | |
| Koha item type | Reference |
| Withdrawn status | Lost status | Damaged status | Collection code | Home library | Current library | Shelving location | Date acquired | Full call number | Accession Number | Koha item type |
|---|---|---|---|---|---|---|---|---|---|---|
| Reference | KAUAET | KAUAET | Reference | 07/04/2012 | 603.CRI/DI | 9878 | Reference | |||
| KAUAET | KAUAET | 07/04/2012 | 028.736 | 12360 | Reference |
